000
00269nam a22001217a 4500
040
_c
HS
082
_a
345
100
_a
NA
245
_a
ការស៊ើបអង្កេតវិវាទដីធ្លី
260
_a
NA
_b
NA
_c
NA
300
_a
35p;
942
_c
KB
999
_c
10204
_d
10204